000 00696nam a2200217 a 4500
001 BRCA_2776
005 20190320203950.0
008 081208s1961----gw-a---###---#000-0#ger-u
050 4 _aNE546.P6
_b.S43 1961
100 1 _aPosada, José Guadalupe
_d1851-1913
_97810
245 1 0 _aJosé Guadalupe Posada
_cMit einer Einleitung von Hans F. Secker.
260 _aDresden, Alemania
_bVerlag der Kunst
_c1961
300 _a24 p.
_bil., 62 láminas
_c30 cm.
500 _aIncluye índice de ilustraciones.
500 _aAA91
600 1 4 _aPosada, José Guadalupe
_d1851-1913
_97810
650 1 4 _aGrabadores mexicanos
_97389
700 1 _aSecker, Hans Friedrich
_97811
902 _aGFM
942 _2lcc
_cB
999 _c2516
_d2516